Autobahnkreuze - Statistiken

Allgemein
  • Dieses Quiz wurde 848 mal gespielt
  • Das Durchschnittsergebnis liegt bei 26 aus 93
Antwortstatistiken
Autobahnen Kreuz % Korrekt
A3 / A4 Kreuz Köln-Ost
73%
A1 / A4 Kreuz Köln-West
73%
A3 / A5 Frankfurter Kreuz
68%
A1 / A44 Kreuz Dortmund/Unna
63%
A9 / A99 Kreuz München-Nord
63%
A3 / A9 Kreuz Nürnberg
63%
A8 / A99 / A995 Kreuz München-Süd
62%
A8 / A99 Kreuz München-West
62%
A6 / A9 Kreuz Nürnberg-Ost
61%
A6 / A73 Kreuz Nürnberg-Süd
61%
A2 / A7 Kreuz Hannover-Ost
60%
A44 / A45 Kreuz Dortmund/Witten
59%
A7 / A37 Kreuz Hannover/Kirchhorst
59%
A2 / A45 Kreuz Dortmund-Nordwest
58%
A40 / A45 Kreuz Dortmund-West
58%
A8 / A81 / A831 Kreuz Stuttgart
58%
A1 / A27 Bremer Kreuz
53%
A1 / A2 Kamener Kreuz
48%
A1 / A3 Kreuz Leverkusen
47%
A44 / A52 Kreuz Düsseldorf-Nord
43%
A1 / A30 Kreuz Lotte/Osnabrück
42%
A2 / A3 / A516 Kreuz Oberhausen
41%
A3 / A42 Kreuz Oberhausen-West
41%
A7 / A49 Kreuz Kassel-Mitte
40%
A44 / A49 Kreuz Kassel-West
40%
A40 / A59 Kreuz Duisburg
39%
A7 / A8 Kreuz Ulm/Elchingen
39%
A42 / A59 Kreuz Duisburg-Nord
38%
A2 / A14 Kreuz Magdeburg
38%
A1 / A20 Kreuz Lübeck
36%
A4 / A71 Kreuz Erfurt
35%
A43 / A44 Kreuz Bochum/Witten
34%
A1 / A8 Kreuz Saarbrücken
34%
A2 / A33 Kreuz Bielefeld
33%
A40 / A43 Kreuz Bochum
33%
A3 / A66 Wiesbadener Kreuz
31%
A30 / A33 Kreuz Osnabrück-Süd
30%
A19 / A20 Kreuz Rostock
30%
A5 / A67 Darmstädter Kreuz
29%
A4 / A44 Kreuz Aachen (Ostteil)
29%
A3 / A93 Kreuz Regensburg
28%
A3 / A73 Kreuz Fürth/Erlangen
27%
A39 / A395 Kreuz Braunschweig-Süd
26%
A2 / A39 Kreuz Wolfsburg/Königslutter
26%
A4 / A9 Hermsdorfer Kreuz
24%
A28 / A29 Kreuz Oldenburg-Ost
22%
A6 / A7 Kreuz Feuchtwangen/Crailsheim
21%
A2 / A43 Kreuz Recklinghausen
21%
A9 / A14 Schkeuditzer Kreuz
21%
A3 / A7 Kreuz Biebelried
20%
A4 / A72 Kreuz Chemnitz
19%
A1 / A24 Kreuz Hamburg-Ost
18%
A42 / A43 Kreuz Herne
18%
A7 / A96 Kreuz Memmingen
18%
A1 / A45 Westhofener Kreuz
18%
A7 / A70 Kreuz Schweinfurt/Werneck
17%
A4 / A45 Kreuz Olpe-Süd
16%
A5 / A6 Kreuz Walldorf
16%
A7 / A39 Maschener Kreuz (Westteil)
16%
A5 / A45 Gambacher Kreuz
14%
A3 / A92 Kreuz Deggendorf
14%
A3 / A40 Kreuz Kaiserberg
13%
A6 / A81 Kreuz Weinsberg
13%
A1 / A43 / A46 Kreuz Wuppertal-Nord
13%
A10 / A13 / A113 Schönefelder Kreuz
13%
A2 / A30 Kreuz Bad Oeynhausen
12%
A3 / A6 Kreuz Altdorf
11%
A1 / A21 Kreuz Bargteheide
11%
A1 / A57 Kreuz Köln-Nord
11%
A1 / A43 Kreuz Münster-Süd
11%
A3 / A46 Kreuz Hilden
10%
A40 / A57 Kreuz Moers
10%
A3 / A44 Kreuz Ratingen-Ost
10%
A9 / A38 Kreuz Rippachtal
10%
A11 / A20 Kreuz Uckermark
10%
A14 / A20 Kreuz Wismar
10%
A3 / A52 Kreuz Breitscheid
9%
A5 / A66 Nordwestkreuz Frankfurt
9%
A4 / A61 Kreuz Kerpen
8%
A9 / A92 Kreuz Neufahrn
8%
A6 / A8 Kreuz Neunkirchen
8%
A6 / A61 Kreuz Frankenthal
7%
A1 / A61 / A553 Kreuz Bliesheim
6%
A6 / A93 Kreuz Oberpfälzer Wald
6%
A10 / A111 Kreuz Oranienburg
6%
A42 / A45 Kreuz Castrop-Rauxel-Ost
5%
A42 / A57 Kreuz Kamp-Lintfort
4%
A6 / A62 Kreuz Landstuhl-West
4%
A43 / A52 Kreuz Marl-Nord
4%
A44 / A57 Kreuz Meerbusch
3%
A44 / A52 Kreuz Neersen
2%
A30 / A31 Kreuz Schüttorf
2%
A33 / A44 Kreuz Wünnenberg-Haaren
1%
Keine übereinstimmenden Quizze gefunden
Verteilung der Resultate
Anzahl Personen mit jedem Resultat
Perzentil nach korrekt beantworteten Fragen
Ihre Resultats-Entwicklung
Sie haben dieses Quiz noch nicht gespielt